Statistics for Heroes of Might and Magic V Undead Creatures

Click here to take the quiz!

General Stats

  • This quiz has been taken 31 times
  • The average score is 9 of 14

Answer Stats

LevelCreature% Correct
4Vampire
96%
1Skeleton
91%
2Zombie
91%
3Ghost
87%
5Lich
87%
4Vampire Lord
83%
1Skeleton Archer
78%
7Bone Dragon
74%
3Specter
43%
6Wraith
43%
2Plague Zombie
39%
7Spectral Dragon
39%
6Wight
39%
5Arclich
13%

Score Distribution

Percentile by Number Answered

Percent of People with Each Score

Your Score History

You have not taken this quiz